| 000 | 00682nam a2200205Ia 4500 | ||
|---|---|---|---|
| 008 | 140224s9999 xx 000 0 und d | ||
| 020 | _a9780753405055 | ||
| 050 |
_aQL 83 _b.C48 2006 |
||
| 100 | _aCharman, Andrew | ||
| 245 | 4 |
_aThe dodo is dead : _band other questions about extinct and endangered animals / _cAndrew Charman. |
|
| 260 |
_aLondon : _bKingfisher Publications Plc, _cc2006. |
||
| 300 |
_a32 p : _bcol. ill. ; _c29 cm. |
||
| 440 | _aI wonder why. | ||
| 650 |
_aEndangered species _xJuvenile literature. |
||
| 650 |
_aExtinct animals _xJuvenile literature. |
||
| 650 | _aExtinct animals. | ||
| 650 | _aQuestions and answers. | ||
| 942 | _cBK | ||
| 999 |
_c42368 _d42368 |
||